000 00246nam a2200097Ia 4500
005 20250424112923.0
008 250424s9999 xx 000 0 und d
300 _aviii, 218p. ; ill. ; 22cm
650 _aAfrican philology--Periodicals.
942 _cSR
999 _c37882
_d37882